|
|
|
|
| LEADER |
01165nam a2200349 4500 |
| 001 |
DLU090096870 |
| 005 |
##20091201 |
| 040 |
# |
# |
|a DLU
|b eng
|
| 041 |
# |
# |
|a eng
|
| 044 |
# |
# |
|a us
|
| 100 |
# |
# |
|a Li, Jianzhong.
|
| 245 |
# |
# |
|a Pulsed excitation source multiplexed fluorometry for the simultaneous measurement of multiple analytes. Continuous measurement of atmospheric hydrogen peroxide and methyl hydroperoxide /
|c Jianzhong Li, Purnendu K. Dasgupta, Gary A. Tarver.
|
| 653 |
# |
# |
|a Air
|
| 653 |
# |
# |
|a Fluorescence spectrometry
|
| 653 |
# |
# |
|a Fluorometry
|
| 653 |
# |
# |
|a Hydrogen peroxide
|
| 653 |
# |
# |
|a Membrane
|
| 653 |
# |
# |
|a Organic hydroperoxide
|
| 653 |
# |
# |
|a Performance evaluation
|
| 653 |
# |
# |
|a Simultaneous measurement
|
| 700 |
# |
# |
|a Dasgupta, Purnendu K.
|
| 700 |
# |
# |
|a Tarver, Gary A.
|
| 773 |
# |
# |
|t Analytical Chemistry
|g Vol. 75, no. 5 (March 2003), p. 1203-1210
|
| 920 |
# |
# |
|a Phòng Tạp chí -- Trung tâm Thông tin - Thư viện Trường Đại học Đà Lạt
|
| 994 |
# |
# |
|a DLU
|
| 900 |
# |
# |
|a True
|
| 911 |
# |
# |
|a Trương Bảo Trâm Anh
|
| 925 |
# |
# |
|a G
|
| 926 |
# |
# |
|a A
|
| 927 |
# |
# |
|a BB
|
| 980 |
# |
# |
|a Thư viện Trường Đại học Đà Lạt
|